Southville International School and Colleges
Your cart is empty.
  • Cart
  • Lists
    Public lists Eva Luna New books Lux_list list_1
    Your lists Log in to create your own lists
  • Log in to your account
  • Your cookies
  • Search history
Southville International School and Colleges
  • Advanced search
  • Recent comments
  • Most popular
  • Libraries

Log in to your account

Log in with GOOGLE


If you do not have an external account, but do have a local account, you can still log in:

  1. Home
  2. MARC view: Classroom events through poetry/
Normal view MARC view ISBD view

Classroom events through poetry/ (Record no. 6658)

[ view plain ]
MARC details
000 -LEADER
fixed length control field 00677nam a22002297a 4500
003 - CONTROL NUMBER IDENTIFIER
control field OSt
005 - DATE AND TIME OF LATEST TRANSACTION
control field 20140310181914.0
008 - FIXED-LENGTH DATA ELEMENTS--GENERAL INFORMATION
fixed length control field 130715t xxu||||| |||| 00| 0 eng d
020 ## - INTERNATIONAL STANDARD BOOK NUMBER
International Standard Book Number 1551380080
050 ## - LIBRARY OF CONGRESS CALL NUMBER
Classification number LB 1575
Item number .Sw83 1993
082 ## - DEWEY DECIMAL CLASSIFICATION NUMBER
Classification number TR 372.13
Item number Sw2 1993
100 ## - MAIN ENTRY--PERSONAL NAME
Personal name Swartz, Larry
9 (RLIN) 299
245 ## - TITLE STATEMENT
Title Classroom events through poetry/
Statement of responsibility, etc Larry Swartz.
260 ## - PUBLICATION, DISTRIBUTION, ETC. (IMPRINT)
Place of publication, distribution, etc Ontario, Can :
Name of publisher, distributor, etc Pembroke Pub,
Date of publication, distribution, etc c1993.
300 ## - PHYSICAL DESCRIPTION
Extent 128 p. :
Other physical details ill. ;
Dimensions 23 cm.
500 ## - GENERAL NOTE
General note Includes bibliographical references and index.
521 ## - TARGET AUDIENCE NOTE
Target audience note
541 ## - IMMEDIATE SOURCE OF ACQUISITION NOTE
-- 1
562 ## - COPY AND VERSION IDENTIFICATION NOTE
Number of copies 1
650 ## - SUBJECT ADDED ENTRY--TOPICAL TERM
Topical term or geographic name as entry element Poetry
General subdivision Study and teaching (Elementary).
9 (RLIN) 300
942 ## - ADDED ENTRY ELEMENTS (KOHA)
Source of classification or shelving scheme Library of Congress Classification
Koha item type
Call number prefix
Holdings
Withdrawn status Lost status Source of classification or shelving scheme Damaged status Home library Current library Shelving location Date acquired Total Checkouts Full call number Barcode Date last seen Date checked out Copy number Price effective from Koha item type
    Library of Congress Classification   Luxembourg Library Luxembourg Library Teachers Reference Section 07/15/2013 1 LB 1575 .Sw83 1993 7506 06/25/2015 06/19/2015 1 07/15/2013 Books

Classroom events through poetry/

APA

Swartz L., . (1993). Classroom events through poetry. Ontario, Can: Pembroke Pub.

Chicago

Swartz Larry, . 1993. Classroom events through poetry. Ontario, Can: Pembroke Pub.

Harvard

Swartz L., . (1993). Classroom events through poetry. Ontario, Can: Pembroke Pub.

MLA

Swartz Larry, . Classroom events through poetry. Ontario, Can: Pembroke Pub. 1993.

  • Place hold
  • Print
  • Cite
  • Add to your cart (remove)
  • Save record
    BIBTEX Dublin Core MARCXML MARC (non-Unicode/MARC-8) MARC (Unicode/UTF-8) MARC (Unicode/UTF-8, Standard) MODS (XML) RIS
  • More searches
    Search for this title in:
    Other Libraries (WorldCat) Other Databases (Google Scholar) Online Stores (Bookfinder.com) Open Library (openlibrary.org)

Exporting to Dublin Core...

SOUTHVILLE LIBRARY

Southville International School and Colleges Library

1281 Tropical Ave. Cor. Luxembourg St., BF Homes International, Las Pinas City

Tel. No. 8256374 / 252358 Loc. 117/146

Powered by Koha